[Event "16th EUR-ch"]
[Site "Jerusalem ISR"]
[Date "2015.03.01"]
[Round "5"]
[White "Salgado Lopez, Ivan"]
[Black "Kantarji, Pinchas"]
[Result "1/2-1/2"]
[WhiteElo "2628"]
[BlackElo "2420"]
[EventDate "2015.02.24"]
[PlyCount "193"]

1.e4 c6 2.d4 d5 3.e5 Bf5 4.Nf3 e6 5.Be2 Nd7 6.O-O h6 7.Nbd2 Bh7 8.Nb3 Ne7 
9.Bd2 Nf5 10.Rc1 Be7 11.c4 dxc4 12.Na5 Qb8 13.Nxc4 Nb6 14.Nxb6 axb6 15.a4 
O-O 16.Qb3 Rd8 17.Bc3 Qa7 18.g3 Bg6 19.h3 Rd7 20.Ra1 Bf8 21.Bc4 Rdd8 22.
Kh2 Ne7 23.Rfe1 b5 24.axb5 Qxa1 25.Rxa1 Rxa1 26.Nd2 Kh7 27.h4 Nd5 28.bxc6 
bxc6 29.Bxd5 cxd5 30.Qb7 Rda8 31.Nb3 R1a7 32.Qb5 Be4 33.h5 Kg8 34.g4 Rc7 
35.Kg3 Rac8 36.f3 Bc2 37.Na5 g5 38.hxg6 Bxg6 39.Nb3 h5 40.gxh5 Bxh5 41.Bb4
Bh6 42.Nc5 Kh8 43.Kf2 Rg8 44.Qf1 Rg5 45.Qa6 Rg8 46.Qa1 f6 47.exf6 Bf4 48.
Bc3 Rf7 49.Nd3 Bg3+ 50.Ke3 Rxf6 51.f4 Bh2 52.Qf1 Bg1+ 53.Kd2 Rg3 54.Ne5 
Be3+ 55.Kc2 Bxf4 56.Nd7 Rf5 57.Qa6 Bf7 58.Nc5 Rg6 59.Qc6 Bh6 60.Qd7 Rf2+ 
61.Kb3 Bg8 62.Qd8 Rf8 63.Qh4 Rf4 64.Qh2 Rf7 65.Bd2 Kh7 66.Bxh6 Rxh6 67.Qb8
Rg7 68.Qc8 Rh3+ 69.Ka4 Rh4 70.b4 Rxd4 71.Ka5 Rh4 72.b5 Rc4 73.b6 d4 74.Kb5
Rc1 75.Qd8 Rb1+ 76.Kc6 Rg6 77.Qh4+ Kg7 78.b7 e5+ 79.Kc7 Bd5 80.Qe7+ Kh6 
81.Qh4+ Kg7 82.Qe7+ Kh6 83.Qf8+ Rg7+ 84.Kd6 Bxb7 85.Ne6 Rb6+ 86.Kxe5 Rxe6+
87.Kxe6 Kh7 88.Ke5 Bc6 89.Qf5+ Rg6 90.Kxd4 Be8 91.Ke5 Kg7 92.Qc8 Bf7 93.
Qc3 Re6+ 94.Kf5+ Kg8 95.Qg3+ Rg6 96.Qxg6+ Bxg6+ 97.Kxg6 1/2-1/2

[Event "16th EUR-ch"]
[Site "Jerusalem ISR"]
[Date "2015.03.01"]
[Round "5"]
[White "Iljiushenok, Ilia"]
[Black "Lupulescu, Constantin"]
[Result "1/2-1/2"]
[WhiteElo "2450"]
[BlackElo "2626"]
[EventDate "2015.02.24"]
[PlyCount "44"]

1.e4 c6 2.d4 d5 3.e5 c5 4.dxc5 e6 5.a3 Nc6 6.Nf3 Bxc5 7.b4 Bb6 8.Bd3 f6 9.
Bb2 fxe5 10.Nxe5 Nf6 11.O-O Qc7 12.Qe1 a5 13.bxa5 Bxa5 14.Qe2 O-O 15.c4 
Bb6 16.Nd2 Nd4 17.Qe1 Bc5 18.h3 Qd6 19.Ndf3 Nxf3+ 20.Nxf3 Bd7 21.Qe5 Ra4 
22.cxd5 exd5 1/2-1/2

[Event "16th EUR-ch"]
[Site "Jerusalem ISR"]
[Date "2015.03.01"]
[Round "5"]
[White "Vallejo Pons, Francisco"]
[Black "Timofeev, Artyom"]
[Result "1-0"]
[WhiteElo "2706"]
[BlackElo "2564"]
[EventDate "2015.02.24"]
[PlyCount "63"]

1.d4 Nf6 2.c4 g6 3.f3 d5 4.cxd5 c6 5.dxc6 Nxc6 6.e3 e5 7.Bb5 Qa5+ 8.Nc3 
Bb4 9.Bxc6+ bxc6 10.Ne2 O-O 11.a3 Bxc3+ 12.bxc3 Ba6 13.O-O Nd5 14.Bd2 Bc4 
15.Rf2 Rab8 16.e4 Nb6 17.a4 f6 18.f4 Bf7 19.fxe5 fxe5 20.Bh6 Rfe8 21.Qd3 
Be6 22.dxe5 Nd7 23.Raf1 Qxa4 24.Nd4 Qc4 25.Qf3 c5 26.Nc6 Ra8 27.Ne7+ Kh8 
28.Nd5 Rec8 29.h4 Rab8 30.Qf4 Rd8 31.Nf6 Nf8 32.Ne8 1-0

[Event "16th EUR-ch"]
[Site "Jerusalem ISR"]
[Date "2015.03.01"]
[Round "5"]
[White "Yilmaz, Mustafa"]
[Black "Cheparinov, Ivan"]
[Result "1/2-1/2"]
[WhiteElo "2570"]
[BlackElo "2681"]
[EventDate "2015.02.24"]
[PlyCount "124"]

1.d4 Nf6 2.c4 g6 3.Nf3 Bg7 4.g3 O-O 5.Bg2 d6 6.O-O Nbd7 7.Nc3 e5 8.e4 c6 
9.h3 Qb6 10.d5 Nc5 11.Re1 cxd5 12.cxd5 Bd7 13.Qe2 Rfc8 14.Be3 Qb4 15.Bc1 
a5 16.Rb1 a4 17.a3 Qa5 18.Nd2 Rab8 19.Qe3 Qa6 20.Na2 Qd3 21.Nb4 Qxe3 22.
Rxe3 Bb5 23.Rc3 Nfd7 24.g4 Rc7 25.Nf1 Rbc8 26.Be3 Nb3 27.Rxc7 Rxc7 28.Nd2 
Ndc5 29.Nxb3 Nxb3 30.Bf1 Bxf1 31.Kxf1 f5 32.gxf5 gxf5 33.exf5 Rf7 34.Na2 
e4 35.Nc3 Bxc3 36.bxc3 b5 37.Ke2 Rxf5 38.Rg1+ Kf7 39.Rg4 Rxd5 40.Rxe4 Na5 
41.Rh4 h5 42.Rf4+ Ke6 43.Rf8 Nc4 44.Bc1 Re5+ 45.Kf1 Rf5 46.Re8+ Kf7 47.Rb8
Rf3 48.Rxb5 Rxc3 49.Be3 Rxa3 50.Rxh5 Rb3 51.Rh4 d5 52.Rh6 a3 53.Ra6 Rb2 
54.Bd4 Rd2 55.Bh8 a2 56.h4 Rc2 57.h5 Nd2+ 58.Kg2 Nb3 59.Ra7+ Kg8 60.Ra8+ 
Kf7 61.Ra7+ Kg8 62.Ra8+ Kf7 1/2-1/2

[Event "16th EUR-ch"]
[Site "Jerusalem ISR"]
[Date "2015.03.01"]
[Round "5"]
[White "Mikhalevski, Victor"]
[Black "Alekseev, Evgeny"]
[Result "1/2-1/2"]
[WhiteElo "2559"]
[BlackElo "2677"]
[EventDate "2015.02.24"]
[PlyCount "36"]

1.d4 Nf6 2.c4 e6 3.Nf3 b6 4.g3 Bb7 5.Bg2 Be7 6.O-O O-O 7.d5 exd5 8.Nh4 c6 
9.cxd5 Nxd5 10.Nf5 Nc7 11.e4 d5 12.Nc3 Bf6 13.exd5 cxd5 14.Bf4 Nba6 15.Re1
Bc8 16.Nd4 Bb7 17.Nf5 Bc8 18.Nd4 Bb7 1/2-1/2

[Event "16th EUR-ch"]
[Site "Jerusalem ISR"]
[Date "2015.03.01"]
[Round "5"]
[White "Kogan, Artur"]
[Black "Zhigalko, Sergei"]
[Result "1/2-1/2"]
[WhiteElo "2555"]
[BlackElo "2675"]
[EventDate "2015.02.24"]
[PlyCount "91"]

1.e4 c5 2.Nf3 d6 3.d4 cxd4 4.Nxd4 Nf6 5.Nc3 a6 6.Qf3 g6 7.h3 Bg7 8.Be3 Nc6
9.O-O-O Be6 10.Nxe6 fxe6 11.Bc4 Qc8 12.Bb3 Na5 13.Bd4 Nxb3+ 14.axb3 O-O 
15.Qd3 Qc6 16.f3 Rad8 17.h4 b5 18.Kb1 b4 19.Na4 Qb5 20.Qc4 Kf7 21.Nb6 Rfe8
22.e5 dxe5 23.Qxb5 axb5 24.Bxe5 Nd5 25.Nxd5 Rxd5 26.Bxg7 Kxg7 27.Rxd5 exd5
28.Rd1 e6 29.Rd4 Rc8 30.Rxb4 Rc5 31.c3 Kf6 32.Kc2 e5 33.Kd3 g5 34.hxg5+ 
Kxg5 35.Rg4+ Kf6 36.Rg8 b4 37.Rd8 Ra5 38.c4 d4 39.Rb8 Ra1 40.Rxb4 Rd1+ 41.
Ke2 Rg1 42.Rb6+ Kg5 43.Kf2 Rb1 44.c5 e4 45.fxe4 Kf4 46.Ke2 1/2-1/2

[Event "16th EUR-ch"]
[Site "Jerusalem ISR"]
[Date "2015.03.01"]
[Round "5"]
[White "Oparin, Grigoriy"]
[Black "Grachev, Boris"]
[Result "1/2-1/2"]
[WhiteElo "2551"]
[BlackElo "2670"]
[EventDate "2015.02.24"]
[PlyCount "100"]

1.d4 d5 2.c4 e6 3.Nc3 Nf6 4.cxd5 exd5 5.Bg5 c6 6.Qc2 Be7 7.e3 Nbd7 8.Bd3 
Nh5 9.Bxe7 Qxe7 10.Nge2 g6 11.O-O O-O 12.Rae1 Ndf6 13.Nc1 Ng7 14.f3 c5 15.
dxc5 Qxc5 16.Nb3 Qb6 17.Nd4 Ne6 18.Qb3 Qxb3 19.Nxb3 Rd8 20.Rd1 b6 21.Rd2 
Bb7 22.Bc2 Rac8 23.Rfd1 Kf8 24.Nd4 Ke7 25.Kf2 Nd7 26.Bb3 Ndc5 27.h4 Nxb3 
28.Nxb3 Rc4 29.g3 a5 30.Nd4 Nxd4 31.Rxd4 Rxd4 32.Rxd4 Rc8 33.Ke2 Ke6 34.
Kd2 h6 35.b4 Bc6 36.Ne2 g5 37.hxg5 hxg5 38.bxa5 bxa5 39.Rd3 Bd7 40.Rb3 Ke5
41.Rb7 Kd6 42.Rb6+ Rc6 43.Rxc6+ Kxc6 44.Nd4+ Kc5 45.Kc3 Bc8 46.a3 Kb6 47.
Nb3 Kb5 48.Nd4+ Kb6 49.f4 gxf4 50.gxf4 Bg4 1/2-1/2

[Event "16th EUR-ch"]
[Site "Jerusalem ISR"]
[Date "2015.03.01"]
[Round "5"]
[White "Laznicka, Viktor"]
[Black "Abasov, Nijat"]
[Result "1/2-1/2"]
[WhiteElo "2670"]
[BlackElo "2523"]
[EventDate "2015.02.24"]
[PlyCount "66"]

1.d4 Nf6 2.c4 e6 3.Nf3 d5 4.Nc3 Bb4 5.cxd5 exd5 6.Bg5 Nbd7 7.e3 c5 8.Bd3 
Qa5 9.Qc2 c4 10.Bf5 O-O 11.O-O Re8 12.Nd2 g6 13.Bh3 Kg7 14.Bh4 Nb6 15.Bxc8
Raxc8 16.a4 Rc6 17.Rfe1 Rce6 18.Rec1 Rc8 19.Nf1 Nbd7 20.f3 Rce8 21.Bf2 a6 
22.Nd2 Nb8 23.Nf1 Nc6 24.Na2 Bf8 25.b3 b5 26.axb5 axb5 27.Nc3 Qb6 28.bxc4 
Nb4 29.Qd2 bxc4 30.Rcb1 Qc6 31.Bh4 Nd3 32.Qc2 Bb4 33.Nd1 Be1 1/2-1/2

[Event "16th EUR-ch"]
[Site "Jerusalem ISR"]
[Date "2015.03.01"]
[Round "5"]
[White "Mamedov, Rauf"]
[Black "Sadzikowski, Daniel"]
[Result "1-0"]
[WhiteElo "2650"]
[BlackElo "2492"]
[EventDate "2015.02.24"]
[PlyCount "69"]

1.e4 c5 2.c3 e6 3.Nf3 d5 4.exd5 Qxd5 5.d4 Nf6 6.Bd3 Be7 7.O-O O-O 8.Qe2 
Nc6 9.dxc5 Rd8 10.Rd1 Qxc5 11.Nbd2 Qd5 12.Nc4 Qh5 13.Bg5 b6 14.Ne3 Bb7 15.
Ba6 Bxa6 16.Qxa6 h6 17.Bh4 Qc5 18.Nd2 Ne5 19.Nb3 Qc8 20.Qb5 Ng6 21.Bg3 
Rxd1+ 22.Rxd1 Qe8 23.a4 Kf8 24.Nd4 Bc5 25.Qxe8+ Nxe8 26.Nc6 f5 27.b4 Be7 
28.Bb8 a5 29.b5 Bc5 30.Nc4 Ne7 31.Rd8 Nd5 32.N4e5 Nxc3 33.Nd7+ Kf7 34.Nxc5
bxc5 35.Be5 1-0

[Event "16th EUR-ch"]
[Site "Jerusalem ISR"]
[Date "2015.03.01"]
[Round "5"]
[White "Draskovic, Luka"]
[Black "Hracek, Zbynek"]
[Result "0-1"]
[WhiteElo "2432"]
[BlackElo "2631"]
[EventDate "2015.02.24"]
[PlyCount "82"]

1.e4 c5 2.b3 g6 3.Bb2 Nf6 4.e5 Nd5 5.Bc4 Nb6 6.e6 f6 7.Bb5 Nc6 8.exd7+ 
Bxd7 9.h4 Bg7 10.Na3 Nd4 11.Bxd7+ Qxd7 12.Nf3 O-O 13.O-O e5 14.Re1 Nd5 15.
c3 Ne6 16.d4 Nef4 17.Nh2 exd4 18.cxd4 Rfe8 19.Qf3 f5 20.Nc2 Rad8 21.Rad1 
Rxe1+ 22.Rxe1 Ne6 23.Rd1 cxd4 24.Ba1 Ne7 25.Nb4 Nc6 26.Nd3 Ne5 27.Nxe5 
Bxe5 28.Nf1 Bf6 29.h5 Qd5 30.hxg6 hxg6 31.Qg3 Kf7 32.Ne3 Qe4 33.Nc4 Nf4 
34.Qf3 Qxf3 35.gxf3 b5 36.Na5 Rc8 37.Kf1 Rc2 38.a4 bxa4 39.bxa4 d3 40.Bxf6
Kxf6 41.Nb3 Ke5 0-1

[Event "16th EUR-ch"]
[Site "Jerusalem ISR"]
[Date "2015.03.01"]
[Round "5"]
[White "Demchenko, Anton"]
[Black "Yuffa, Daniil"]
[Result "1/2-1/2"]
[WhiteElo "2615"]
[BlackElo "2469"]
[EventDate "2015.02.24"]
[PlyCount "61"]

1.e4 Nf6 2.e5 Nd5 3.d4 d6 4.Nf3 dxe5 5.Nxe5 c6 6.Be2 Bf5 7.O-O Nd7 8.Nf3 
e6 9.a3 Bd6 10.Bg5 Be7 11.Bd2 Bd6 12.Qc1 O-O 13.c4 N5f6 14.Bf4 Bxf4 15.
Qxf4 Qb8 16.Qxb8 Rfxb8 17.Nc3 Ne4 18.Nxe4 Bxe4 19.Nd2 Bg6 20.b4 Rd8 21.Nb3
Rac8 22.f4 Bc2 23.Na5 Rc7 24.Rac1 Ba4 25.d5 Nf6 26.dxc6 b6 27.Bd1 Bxd1 28.
Rfxd1 Rxd1+ 29.Rxd1 Kf8 30.Nb3 Rxc6 31.Rd4 1/2-1/2

[Event "16th EUR-ch"]
[Site "Jerusalem ISR"]
[Date "2015.03.01"]
[Round "5"]
[White "Grandelius, Nils"]
[Black "Battaglini, Gabriel"]
[Result "1-0"]
[WhiteElo "2609"]
[BlackElo "2460"]
[EventDate "2015.02.24"]
[PlyCount "57"]

1.Nf3 Nf6 2.c4 c5 3.Nc3 Nc6 4.g3 d5 5.cxd5 Nxd5 6.Bg2 Nc7 7.O-O e5 8.b3 
Be7 9.Bb2 Rb8 10.Ne1 O-O 11.Na4 f6 12.Nd3 Na6 13.Rc1 Ncb4 14.Naxc5 Nxa2 
15.Nxa6 Nxc1 16.Nxe5 bxa6 17.Nc6 Qd6 18.Qxc1 Be6 19.Nxe7+ Qxe7 20.Ba3 Qd8 
21.Bxf8 Qxf8 22.Qc7 Rxb3 23.Qxa7 Qc8 24.Ra1 h5 25.h4 Ra3 26.Rxa3 Qc1+ 27.
Kh2 Qxa3 28.Qa8+ Kh7 29.Qe4+ 1-0

[Event "16th EUR-ch"]
[Site "Jerusalem ISR"]
[Date "2015.03.01"]
[Round "5"]
[White "Zubov, Alexander"]
[Black "Kanmazalp, Ogulcan"]
[Result "1-0"]
[WhiteElo "2607"]
[BlackElo "2457"]
[EventDate "2015.02.24"]
[PlyCount "89"]

1.d4 Nf6 2.c4 g6 3.Nc3 d5 4.e3 Bg7 5.Qb3 e6 6.Nf3 O-O 7.Be2 b6 8.cxd5 exd5
9.Qa3 Re8 10.b4 Ne4 11.Bb2 Bb7 12.Qb3 Nxc3 13.Bxc3 Nd7 14.b5 a6 15.a4 axb5
16.axb5 Rxa1+ 17.Bxa1 Bf8 18.Bc3 Bd6 19.Bb4 Qe7 20.Bxd6 cxd6 21.O-O Nf6 
22.Rc1 Rc8 23.Qb2 Rxc1+ 24.Qxc1 Qd8 25.Nd2 Ne4 26.Nb1 Qc8 27.Qxc8+ Bxc8 
28.f3 Nf6 29.Nc3 Bb7 30.g4 h6 31.h4 g5 32.hxg5 hxg5 33.Na4 Nd7 34.Bd3 Kf8 
35.Bf5 Ke7 36.Bxd7 Kxd7 37.Nxb6+ Kc7 38.Na4 Bc8 39.Nc3 Bb7 40.Na4 Bc8 41.
Kf2 Bd7 42.Nc3 Be6 43.Kg3 Kb6 44.f4 f6 45.f5 1-0

[Event "16th EUR-ch"]
[Site "Jerusalem ISR"]
[Date "2015.03.01"]
[Round "5"]
[White "Potkin, Vladimir"]
[Black "Mikaelyan, Arman"]
[Result "1/2-1/2"]
[WhiteElo "2605"]
[BlackElo "2418"]
[EventDate "2015.02.24"]
[PlyCount "88"]

1.d4 d5 2.c4 c6 3.Nf3 Nf6 4.e3 e6 5.Bd3 Nbd7 6.O-O Bd6 7.Nbd2 O-O 8.e4 e5 
9.cxd5 cxd5 10.Re1 h6 11.exd5 exd4 12.Ne4 Nb6 13.Nxd4 Nbxd5 14.Nxd6 Qxd6 
15.Qb3 Ng4 16.Nf3 Be6 17.Qa4 Rfd8 18.Bf1 Qb4 19.Re4 Qxa4 20.Rxa4 Nb6 21.
Rd4 Rxd4 22.Nxd4 Bc4 23.Bf4 Rd8 24.Nb5 Bxf1 25.Kxf1 Nd5 26.Bg3 f5 27.h3 
Ngf6 28.Be5 Ne4 29.Bd4 Nc7 30.Nxc7 Rxd4 31.Re1 Kf7 32.Nb5 Rb4 33.Nxa7 Rxb2
34.Re2 Rb1+ 35.Re1 Rb2 36.Re2 Rb1+ 37.Re1 Rb6 38.g4 Ra6 39.gxf5 Nd2+ 40.
Ke2 Rxa2 41.Nb5 Rb2 42.Nd6+ Ke7 43.Nxb7 Kf6 44.Nd6 Ne4+ 1/2-1/2

[Event "16th EUR-ch"]
[Site "Jerusalem ISR"]
[Date "2015.03.01"]
[Round "5"]
[White "Raznikov, Danny"]
[Black "Iordachescu, Viorel"]
[Result "1/2-1/2"]
[WhiteElo "2494"]
[BlackElo "2590"]
[EventDate "2015.02.24"]
[PlyCount "94"]

1.d4 d5 2.c4 c6 3.cxd5 cxd5 4.Bf4 Nc6 5.e3 Nf6 6.Nc3 Bf5 7.Qb3 Na5 8.Qa4+ 
Bd7 9.Qc2 Rc8 10.Bd3 e6 11.h3 Be7 12.Nf3 O-O 13.O-O b5 14.a3 Nc4 15.Ne5 
Be8 16.Rfc1 a6 17.Qe2 Nd7 18.Nxd7 Bxd7 19.a4 b4 20.Nd1 Qb6 21.Bxc4 dxc4 
22.Rxc4 Rxc4 23.Qxc4 Rc8 24.Qd3 Qc6 25.e4 Qc2 26.Qf3 Bf6 27.d5 Bd8 28.e5 
exd5 29.Qxd5 Be6 30.Qd4 Qc4 31.Qd2 h6 32.Be3 Be7 33.Bb6 Qc6 34.a5 Qb5 35.
f4 g5 36.Nf2 b3 37.Rc1 Rxc1+ 38.Qxc1 gxf4 39.Qxf4 Qe2 40.Bd4 Qe1+ 41.Kh2 
Bg5 42.Qg3 Kh8 43.Ng4 Qe2 44.h4 Qxg4 45.Qxg4 Bxg4 46.hxg5 Kh7 47.gxh6 Kxh6
1/2-1/2

[Event "16th EUR-ch"]
[Site "Jerusalem ISR"]
[Date "2015.03.01"]
[Round "5"]
[White "Zisman, Philip"]
[Black "Dvoirys, Semen"]
[Result "1/2-1/2"]
[WhiteElo "2238"]
[BlackElo "2578"]
[EventDate "2015.02.24"]
[PlyCount "93"]

1.e4 c5 2.Nf3 d6 3.d4 cxd4 4.Nxd4 Nf6 5.Nc3 a6 6.h3 e6 7.g4 Nc6 8.Bg2 Qb6 
9.Nb3 Qc7 10.a4 b6 11.Be3 Be7 12.O-O Nd7 13.f4 Bb7 14.Qe2 O-O 15.g5 Rfe8 
16.Qf2 Bf8 17.Rad1 Nc5 18.Nd4 Nxd4 19.Bxd4 e5 20.Bxc5 dxc5 21.Nd5 Bxd5 22.
Rxd5 c4 23.Kh1 Rad8 24.fxe5 Rxd5 25.exd5 Rxe5 26.h4 Bd6 27.Qf3 Qe7 28.Qg4 
h6 29.gxh6 g6 30.Qd4 Kh7 31.Bf3 Kxh6 32.Kg2 b5 33.axb5 axb5 34.Re1 Kh7 35.
Rxe5 Bxe5 36.Qe3 Qf6 37.b3 Bf4 38.Qf2 c3 39.Be4 Qe5 40.Qf3 f5 41.Bd3 b4 
42.h5 g5 43.d6 Qxd6 44.Bxf5+ Kh6 45.Bd3 Qe6 46.Bc4 Qd7 47.Bd3 1/2-1/2

[Event "16th EUR-ch"]
[Site "Jerusalem ISR"]
[Date "2015.03.01"]
[Round "5"]
[White "Michalik, Peter"]
[Black "Soltanici, Ruslan"]
[Result "1/2-1/2"]
[WhiteElo "2576"]
[BlackElo "2350"]
[EventDate "2015.02.24"]
[PlyCount "104"]

1.d4 Nf6 2.c4 e6 3.g3 Bb4+ 4.Bd2 Qe7 5.Nf3 Nc6 6.Nc3 O-O 7.Bg2 Na5 8.b3 b6
9.O-O Bb7 10.Qc2 Rac8 11.Rfe1 c5 12.e4 cxd4 13.Nxd4 Bc5 14.Nf3 Ng4 15.Re2 
f6 16.Rd1 Nc6 17.h3 Nge5 18.Be3 a6 19.Qd2 Rfd8 20.Ne1 Nf7 21.Nd3 Nd4 22.
Ree1 e5 23.Na4 Bc6 24.Naxc5 bxc5 25.Qa5 Bb7 26.h4 d6 27.Bxd4 cxd4 28.Bh3 
Qc7 29.Qd2 Ra8 30.Nb4 Bc8 31.Nd5 Qb7 32.Bf5 a5 33.g4 Kh8 34.Kh2 Nh6 35.Rg1
Ng8 36.g5 Bxf5 37.exf5 Rf8 38.Rg3 fxg5 39.Rxg5 Nf6 40.Rdg1 Nxd5 41.cxd5 
Ra7 42.Rxg7 Qxg7 43.Rxg7 Rxg7 44.Qxa5 Rxf5 45.Qd8+ Rg8 46.Qxd6 d3 47.Qe6 
Rgf8 48.d6 d2 49.Qd5 Rxf2+ 50.Kg3 R2f3+ 51.Kg2 Rf2+ 52.Kg3 R2f3+ 1/2-1/2

[Event "16th EUR-ch"]
[Site "Jerusalem ISR"]
[Date "2015.03.01"]
[Round "5"]
[White "Zhigalko, Andrey"]
[Black "Kali, Omer"]
[Result "1-0"]
[WhiteElo "2572"]
[BlackElo "2089"]
[EventDate "2015.02.24"]
[PlyCount "93"]

1.d4 Nf6 2.Nf3 e6 3.c4 b6 4.g3 Bb7 5.Bg2 g6 6.Nc3 Bg7 7.Qc2 O-O 8.O-O d5 
9.Ne5 Na6 10.Bg5 h6 11.Bxf6 Bxf6 12.Nxg6 Nb4 13.Qa4 fxg6 14.Qxb4 Bxd4 15.
cxd5 Bxc3 16.bxc3 exd5 17.c4 Qg5 18.Rad1 c6 19.cxd5 cxd5 20.Qb3 Rad8 21.e4
Ba6 22.Rxd5 Rxd5 23.Rd1 Rd8 24.f4 Qe7 25.Rxd5 Rxd5 26.Qxd5+ Kh7 27.e5 Bc8 
28.Qd6 Qxd6 29.exd6 Bd7 30.Kf2 Kg7 31.Ke3 Kf6 32.Kd4 a5 33.Be4 Be8 34.g4 
Bd7 35.h3 Bc8 36.Bc6 Ke6 37.d7 Bxd7 38.Bxd7+ Kxd7 39.a4 Kd6 40.Kc4 h5 41.
Kb5 Kd5 42.Kxb6 Ke4 43.gxh5 gxh5 44.Kxa5 Kxf4 45.Kb4 Kg3 46.a5 Kxh3 47.a6 
1-0

[Event "16th EUR-ch"]
[Site "Jerusalem ISR"]
[Date "2015.03.01"]
[Round "5"]
[White "Kryvoruchko, Yuriy"]
[Black "Kantsler, Boris"]
[Result "1-0"]
[WhiteElo "2692"]
[BlackElo "2435"]
[EventDate "2015.02.24"]
[PlyCount "103"]

1.e4 g6 2.d4 Bg7 3.Nc3 c6 4.Nf3 d6 5.Be2 Nf6 6.O-O O-O 7.a4 Nbd7 8.h3 Qc7 
9.Be3 e5 10.dxe5 dxe5 11.Bc4 b6 12.Qd2 a6 13.Rfd1 Bb7 14.Qd6 Rac8 15.b4 b5
16.Bb3 Qxd6 17.Rxd6 Rc7 18.Rad1 Bc8 19.g4 Ne8 20.R6d3 Bf6 21.Bh6 Bg7 22.
Bg5 Bf6 23.axb5 axb5 24.Ra1 Bxg5 25.Nxg5 h6 26.Nf3 Kg7 27.Ne1 Nef6 28.Rdd1
Bb7 29.Nd3 Ra8 30.Rxa8 Bxa8 31.Ra1 Bb7 32.f3 Ne8 33.Nd1 Nd6 34.N1b2 Kf6 
35.Nc5 Nxc5 36.bxc5 Ne8 37.Nd3 Bc8 38.Kf2 Ng7 39.Ke3 Be6 40.Bxe6 Nxe6 41.
Ra6 Rc8 42.h4 Nd8 43.Ra7 Ne6 44.Rd7 Rd8 45.g5+ hxg5 46.hxg5+ Kxg5 47.Rxf7 
Nd4 48.Nxe5 Nxc2+ 49.Kf2 Rh8 50.f4+ Kh5 51.Rd7 g5 52.Rd1 1-0

[Event "16th EUR-ch"]
[Site "Jerusalem ISR"]
[Date "2015.03.01"]
[Round "5"]
[White "Petenyi, Tamas"]
[Black "Riazantsev, Alexander"]
[Result "0-1"]
[WhiteElo "2428"]
[BlackElo "2688"]
[EventDate "2015.02.24"]
[PlyCount "122"]

1.e4 c6 2.Nc3 d5 3.Nf3 Bg4 4.h3 Bxf3 5.Qxf3 e6 6.Be2 Nd7 7.O-O g6 8.d4 Bg7
9.Rd1 Ne7 10.Bf4 O-O 11.Rab1 a5 12.Bf1 Re8 13.Ne2 dxe4 14.Qxe4 Nd5 15.c3 
e5 16.dxe5 Bxe5 17.Bxe5 Rxe5 18.Qc2 Qf6 19.Rd4 Rae8 20.Rbd1 Nc5 21.Ng3 h5 
22.Bc4 h4 23.Nf1 b5 24.Rxd5 cxd5 25.Bxb5 Rd8 26.Ne3 Qb6 27.a4 Ne4 28.Rd4 
Nf6 29.Qd1 Re4 30.Rd3 Kg7 31.Nc2 Rh8 32.Nd4 Rh5 33.Qd2 Rhe5 34.f4 Re1+ 35.
Kh2 R5e4 36.Qf2 Qd6 37.Rf3 Nh5 38.Qxh4 Nxf4 39.Qg3 Qe5 40.Nc6 Qc7 41.Nd4 
Rd1 42.Rf2 Kg8 43.Nf5 Qe5 44.Nh6+ Kg7 45.Ng4 Qc7 46.Rf3 Rd2 47.Nf2 Rxb2 
48.Bf1 Ne6 49.Nxe4 dxe4 50.Qxc7 Nxc7 51.Re3 f5 52.Bc4 Kf6 53.Kg1 Rb1+ 54.
Kh2 Ra1 55.Bb5 Ra3 56.Bc6 Ne6 57.Bxe4 fxe4 58.Rxe4 Rxc3 59.h4 Rb3 60.g4 
Rb4 61.g5+ Kf5 0-1

[Event "16th EUR-ch"]
[Site "Jerusalem ISR"]
[Date "2015.03.01"]
[Round "5"]
[White "Melkumyan, Hrant"]
[Black "Gruenfeld, Yehuda"]
[Result "1/2-1/2"]
[WhiteElo "2673"]
[BlackElo "2444"]
[EventDate "2015.02.24"]
[PlyCount "101"]

1.d4 Nf6 2.c4 e6 3.g3 d5 4.Nf3 Be7 5.Bg2 O-O 6.Nc3 c5 7.cxd5 Nxd5 8.O-O 
Nc6 9.e4 Nb6 10.dxc5 Qxd1 11.Rxd1 Bxc5 12.e5 Nc4 13.Re1 Bd7 14.Re4 Nb6 15.
Be3 Bxe3 16.Rxe3 Rfd8 17.b3 Nb4 18.Nd4 Be8 19.Rd1 Bc6 20.Nxc6 Rxd1+ 21.
Nxd1 bxc6 22.Re2 Rd8 23.Ne3 Rd4 24.f4 h6 25.Kf2 g5 26.Nc2 Nxc2 27.Rxc2 
gxf4 28.Bxc6 fxg3+ 29.hxg3 Nd5 30.Bb5 Kg7 31.a3 Re4 32.Re2 Rd4 33.Rc2 Re4 
34.Re2 Rd4 35.Bc4 h5 36.Kf3 h4 37.Bxd5 exd5 38.gxh4 Rxh4 39.Rg2+ Kf8 40.
Rg4 Rh3+ 41.Kf2 Rxb3 42.Ra4 Ke7 43.Rxa7+ Ke6 44.a4 Ra3 45.a5 Kxe5 46.Rxf7 
Rxa5 47.Ke3 Ra3+ 48.Kd2 Ke4 49.Re7+ Kd4 50.Rh7 Ra2+ 51.Kd1 1/2-1/2

[Event "16th EUR-ch"]
[Site "Jerusalem ISR"]
[Date "2015.03.01"]
[Round "5"]
[White "Sipila, Vilka"]
[Black "Saric, Ivan"]
[Result "0-1"]
[WhiteElo "2425"]
[BlackElo "2661"]
[EventDate "2015.02.24"]
[PlyCount "100"]

1.d4 d5 2.c4 c6 3.Nf3 Nf6 4.Nc3 e6 5.Bg5 h6 6.Bxf6 Qxf6 7.Qb3 a5 8.e3 Nd7 
9.Be2 Bd6 10.O-O Qe7 11.e4 a4 12.Qc2 dxc4 13.d5 a3 14.bxa3 Ne5 15.dxc6 
bxc6 16.Nd2 Rxa3 17.f4 Bb4 18.Ncb1 Qc5+ 19.Kh1 Re3 20.Bxc4 Ng4 21.Nb3 Qh5 
22.h3 O-O 23.Kg1 Bc5 24.Nxc5 Qxc5 25.Kh1 Nf6 26.Nd2 Nh5 27.Rfc1 Nxf4 28.
Bf1 Qd4 29.a4 Nh5 30.Kh2 f5 31.a5 fxe4 32.Nb3 Qe5+ 33.Kg1 Ng3 34.Bc4 Nf5 
35.a6 Rg3 36.a7 Bb7 37.Bxe6+ Qxe6 38.Nc5 Qg6 39.Qxe4 Ba8 40.Rf1 Re3 41.
Qc4+ Kh7 42.Qf4 Rf7 43.Rf2 Rxh3 44.Qb8 Nh4 45.Qb1 Rf5 46.Ne6 Nf3+ 47.Rxf3 
Rhxf3 48.Qe4 Rf1+ 49.Kh2 Rh5+ 50.Qh4 Rxh4# 0-1

[Event "16th EUR-ch"]
[Site "Jerusalem ISR"]
[Date "2015.03.01"]
[Round "5"]
[White "Postny, Evgeny"]
[Black "Nakar, Eylon"]
[Result "1-0"]
[WhiteElo "2647"]
[BlackElo "2435"]
[EventDate "2015.02.24"]
[PlyCount "97"]

1.d4 Nf6 2.c4 e6 3.Nf3 d5 4.Nc3 Be7 5.g3 O-O 6.Bg2 dxc4 7.Ne5 Nc6 8.Bxc6 
bxc6 9.Nxc6 Qe8 10.Nxe7+ Qxe7 11.Qa4 c5 12.dxc5 Qxc5 13.Be3 Qc7 14.f3 Bd7 
15.Qa3 Qb7 16.Rd1 Bc6 17.O-O a5 18.Rd2 Qb4 19.Bc5 Qxa3 20.Bxa3 Rfd8 21.
Rxd8+ Rxd8 22.Rd1 Rxd1+ 23.Nxd1 Nd7 24.Kf2 f6 25.Ke3 e5 26.Kd2 Kf7 27.Bd6 
Ke6 28.Bc7 a4 29.Ne3 Bb5 30.Kc3 Ba6 31.Nxc4 Kd5 32.e4+ Kc6 33.Bd8 Nc5 34.
Be7 Ne6 35.Kb4 Nd4 36.Nd2 Bb5 37.Ka5 Be2 38.Kxa4 Nxf3 39.Nxf3 Bxf3 40.Bf8 
g6 41.Bg7 Bxe4 42.Bxf6 Bb1 43.Kb3 Kd5 44.a4 e4 45.Kb4 e3 46.Kb5 Ke4 47.a5 
Kf3 48.a6 Kg2 49.Ka5 1-0

[Event "16th EUR-ch"]
[Site "Jerusalem ISR"]
[Date "2015.03.01"]
[Round "5"]
[White "Sarana, Alexey"]
[Black "Georgiev, Kiril"]
[Result "1-0"]
[WhiteElo "2419"]
[BlackElo "2623"]
[EventDate "2015.02.24"]
[PlyCount "157"]

1.Nf3 Nf6 2.d4 e6 3.c4 b6 4.g3 Bb7 5.Bg2 Be7 6.Nc3 Ne4 7.Bd2 O-O 8.d5 f5 
9.Qc2 Nxd2 10.Qxd2 Na6 11.O-O Nc5 12.Ne1 Bf6 13.Nd3 Bxc3 14.Qxc3 Ne4 15.
Qe5 d6 16.Qd4 e5 17.Qe3 Nf6 18.f4 Ng4 19.Qd2 e4 20.Nb4 Qe8 21.e3 Bc8 22.
Nc6 Bd7 23.Nd4 a5 24.Bh3 Nh6 25.b3 Qe7 26.a3 Qf6 27.Kh1 Rfe8 28.Qe2 Kh8 
29.Ra2 Rg8 30.Qd1 g6 31.Rg2 Rg7 32.Rgg1 Rgg8 33.Qa1 Rge8 34.Rf2 Ra7 35.Rc2
Kg7 36.Qc3 Kf7 37.Rgg2 Rea8 38.Rgf2 Ke7 39.Kg1 Kf7 40.Kf1 Ke7 41.Ke1 Rg8 
42.Kd1 Raa8 43.Kc1 Rgf8 44.Kb1 Rfc8 45.Bf1 Ng4 46.Rg2 Qf7 47.h3 Nf6 48.Be2
h5 49.Rg1 Rg8 50.Bd1 Raf8 51.Rf2 Qh7 52.b4 axb4 53.axb4 Ra8 54.Bb3 Qf7 55.
Rgg2 Rgc8 56.Ra2 Qg8 57.Kb2 Rxa2+ 58.Kxa2 g5 59.Qc2 Qg6 60.c5 bxc5 61.bxc5
Qg8 62.c6 Ra8+ 63.Kb2 Bc8 64.fxg5 Qxg5 65.Qf2 Ra5 66.Qf4 Qg6 67.Qh4 Ke8 
68.g4 fxg4 69.hxg4 Bxg4 70.Qe1 Rxd5 71.Bxd5 Nxd5 72.Rf2 Qg7 73.Kb1 Ke7 74.
Qh1 Qe5 75.Qf1 Bf3 76.Nxf3 exf3 77.Rxf3 Nxe3 78.Qd3 Nf5 79.Rxf5 1-0

[Event "16th EUR-ch"]
[Site "Jerusalem ISR"]
[Date "2015.03.01"]
[Round "5"]
[White "Usmanov, Vasily"]
[Black "Swiercz, Dariusz"]
[Result "1/2-1/2"]
[WhiteElo "2414"]
[BlackElo "2617"]
[EventDate "2015.02.24"]
[PlyCount "73"]

1.Nf3 Nf6 2.c4 g6 3.Nc3 d5 4.cxd5 Nxd5 5.Qa4+ Bd7 6.Qh4 Bc6 7.Qd4 f6 8.
Nxd5 Qxd5 9.Qxd5 Bxd5 10.d3 e5 11.e4 Bf7 12.d4 exd4 13.Nxd4 c6 14.Be2 Nd7 
15.O-O Nc5 16.f3 O-O-O 17.Be3 Na4 18.Rac1 Bc5 19.Rfd1 Bxa2 20.Kf2 Bf7 21.
b4 Bxb4 22.Nxc6 bxc6 23.Rxc6+ Kb7 24.Rxf6 Ba2 25.Ra1 Nc3 26.Ba6+ Ka8 27.
Rxa2 Nxa2 28.Rf7 Bd2 29.Rxa7+ Kb8 30.Rb7+ Ka8 31.Bc5 Nc1 32.Ra7+ Kb8 33.
Rb7+ Ka8 34.Ra7+ Kb8 35.Rb7+ Ka8 36.Ra7+ Kb8 37.Rb7+ 1/2-1/2

[Event "16th EUR-ch"]
[Site "Jerusalem ISR"]
[Date "2015.03.01"]
[Round "5"]
[White "Marin, Mihail"]
[Black "Kobo, Ori"]
[Result "1-0"]
[WhiteElo "2603"]
[BlackElo "2410"]
[EventDate "2015.02.24"]
[PlyCount "83"]

1.d4 Nf6 2.c4 g6 3.Nc3 d5 4.cxd5 Nxd5 5.e4 Nxc3 6.bxc3 Bg7 7.Nf3 c5 8.Be3 
Qa5 9.Qd2 Nc6 10.Rb1 a6 11.Rc1 cxd4 12.cxd4 Qxd2+ 13.Kxd2 f5 14.e5 Be6 15.
Bc4 Bxc4 16.Rxc4 h6 17.h4 Rf8 18.g3 e6 19.Rhc1 Rd8 20.Ke2 Kd7 21.Ne1 Rfe8 
22.Nd3 Bf8 23.Nf4 g5 24.Ng6 gxh4 25.gxh4 Rc8 26.Nxf8+ Rxf8 27.Bxh6 Rg8 28.
Bg5 b5 29.R4c3 Nxd4+ 30.Ke3 Rxc3+ 31.Rxc3 Nc6 32.Rd3+ Kc7 33.Rd6 a5 34.Kf4
b4 35.h5 Nxe5 36.Rxe6 Nc6 37.h6 Rh8 38.Rg6 a4 39.Bf6 Re8 40.h7 b3 41.axb3 
axb3 42.Rg8 1-0